Представление документа в формате RUSMARC

ПолеНазваниеЗначение
  Тип записи a
  Библиографический уровень m
001 Контрольный номер RU/SLIB/B/208746063
005 Дата корректировки 20201206204113.7
010 Индекс ISBN __
a ISBN 5-86004-085-7
d Цена 40-00
101 Язык документа __
a Язык текста rus
c Язык оригинала rus
200 Заглавие и сведения об ответственности 0_
a Заглавие Дипломатическая быль: Записки посла во Франции
f Первые сведения об ответственности Ю. В. Дубинин
b Общее обозначение материала Текст
210 Выходные данные __
a Место издания М.
c Издательство РОССПЭН
d Дата издания 1997
215 Физическое описание __
a Объем 328 с.
330 Аннотация __
a Аннотация В книге раскрываются многие малоизвестные или совсем неизвестные страницы недавней истории, как например, - подготовка хельсинского Совещания по безопасности и сотрудничеству в Европе, позиции Франции и президента Миттерана по отношению к событиям августа 1991 года в СССР. Автор описывает многочисленные встречи с представителями интеллектуальной и художественной элиты.
600 Персоналии __
a Персоналии (Фамилия) Хрущев, Н. С.
f Даты 1894–1971
g Полное имя Никита Сергеевич
600 Персоналии __
a Персоналии (Фамилия) Голль, Ш. де
f Даты 1890-1970
g Полное имя Шарль
600 Персоналии __
a Персоналии (Фамилия) Миттеран, Ф.
f Даты 1916-1996
g Полное имя Франсуа
601 Наименование организации как предмет __
a Наименование организации как предмет ЮНЕСКО
606 Тематические рубрики __
a Основная рубрика История
z Хронологическая подрубрика 20 в.
y Географическая подрубрика Франция; СССР; Хельсинки; Финляндия
606 Тематические рубрики __
a Основная рубрика История России и СССР (октябрь 1917 - 1991 г.)
610 Ключевые слова __
a Ключевые слова дипломатия; персоналии; международные отношения; дипломаты; дипломатическая служба; дипломатические отношения; дипломатический протокол; путчи; августовский путч; послы; посольство; мемуары
686 Индексы других классификаций __
a Классификационный индекс 63.3(2)63-6
700 Автор _1
a Фамилия Дубинин
b Имя Ю. В.
4 Код отношения 070
801 Источник записи _0
a Страна RU
b Организация Муниципальное бюджетное учреждение культуры "Централизованная библиотечная система" г. Сургут (Центральная городская библиотека им. А. С. Пушкина)
g Правила каталогизации КиК/Поспелова
801 Источник записи _1
a Страна RU
b Организация Муниципальное бюджетное учреждение культуры "Централизованная библиотечная система" г. Сургут (Центральная городская библиотека им. А. С. Пушкина)
g Правила каталогизации КиК/Поспелова
852 Данные о местонахождении __
j Шифр хранения 63.3(2)63-6
c Каталожный индекс 63.3(2)63-6
i Авторский знак Д 79
901 Тип документа __
t Тип документа m
903 Характеристики (МАРС) __
a Дата передачи 20031017
990 Данные о заказе (DOS) __
j Количество экземпляров (DOS) 1
t N записи в КСУ для И/У (DOS) 200310